| 000 | 01182cad a22002175a 4500 | ||
|---|---|---|---|
| 001 | L149280 | ||
| 008 | 100217s2010 xxk f 000 0 eng d | ||
| 035 | _a(Sirsi) u149280 | ||
| 041 | 0 | _aeng | |
| 100 | 1 | _aSwinburne, Nick | |
| 245 | 0 | 0 |
_aAs good as used _bresale valuation of new-build housing _h[electronic resource] |
| 260 | _c2010 | ||
| 490 |
_aRICS Residential Property Journal _vJan-Feb 2010, 7(1) |
||
| 520 | _aResale valuation requires more detailed explanation by lenders, so that valuers, builders, brokers and, most importantly, customers can understand the thinking behind it. The RICS Valuation Standard PS3.2 of individual new-build homes guidance note provides excellent advice on valuing within Red Book parameters. In addition, in September 2009, Nationwide published a further definition and guidance for valuers. The article discusses both and their implications. | ||
| 590 | _aKA | ||
| 650 | 2 | 4 | _aRICS VALUATION STANDARDS |
| 651 | 4 |
_aEngland and Wales _y1543- |
|
| 690 | _aPROPERTY-PROPERTY VALUATION AND APPRAISAL | ||
| 856 | 4 | 0 |
_uhttps://www.rics.org/site/download_feed.aspx?fileID=5567 _zView this item (member-only access) at www.rics.org |
| 942 | _n0 | ||
| 999 |
_c82107 _d82107 |
||